Jornadas

Guardado en:
Bibliografiske detaljer
Format: Texto
Fag:
Tags: Tilføj Tag
Ingen Tags, Vær først til at tagge denne postø!

MARC

LEADER 00000 a a2200000 04500
001 745
003
040
245 |a Jornadas  
650 |a MOVIMIENTOS SOCIALES  
650 |a ZONAS DE LIBRE COMERCIO  
773 |g volumen 26, número 355; páginas 19  
999 |c 33373  |d 33373